Statistiques concernant Quel ref ?

Cliquez ici pour prendre le quiz!

Statistiques générales

  • Ce quiz a été pris 31 fois
  • Le résultat moyen est 2 sur 6

Statistiques - réponses

QuestionRéponse% Correct
Il est lent ce laitRef tiktok
68%
Les filles je suis tombéTiktok
64%
C’est irréel ou réel sahTiktok
36%
Cereale saTiktok
24%
Mon sac est fait !Tiktok
16%
C’est de toutes beautéTiktok
16%

Distribution des résultats

Percentile par nombre de réponses

% des personnes avec chaque résultat

Votre développement - résultats

Vous n’avez pas pris ce quiz